01214nam a2200265 a 450000100060000000300080000600500170001400800390003103500190007004000230008904100130011208200310012510000440015624501310020026000280033130000200035950000460037950400410042565000200046694200120048699900170049895201390051595201470065495201470080127367BD-RjUL20211209051139.0140325s1934 enk b 000 0 eng a(BD-RjUL)27440 aDLCcDLCdDLCbeng1 aenghger00a320.54095694220bLIF 19341 aLichtenstaedter, S.q(Siegfried)98406914aThe future of Palestine :ban appeal to Zionist Jews and the civilised world /cby "Mehemed Emin Efendi" (S. Lichtenstaedter). aLondon :bLuzac,c1934. a44 p. ;c19 cm. aTranslation of: Die Zukunft Palàˆstinas. aIncludes bibliographical references. 0aZionism.971861 2ddccBK c27367d27367 00102ddc40708NFICaRUCLbRUCLcStackd1957-04-01eHujakg30.00l0o320.54095694 LIF 1934r2014-03-25 00:00:00tC-3w2014-03-25yBK 00102ddc40728NFICaRUCLbRUCLcReadingd1966-11-12eA.H. QURASHIg2.34l0o320.54095694 LIF 1934r2014-03-25 00:00:00tC-1w2014-03-25yBK 00102ddc40728NFICaRUCLbRUCLcReadingd1966-11-12eA.H. QURASHIg2.34l0o320.54095694 LIF 1934r2014-03-25 00:00:00tC-2w2014-03-25yBK